Agricultural labourers' knowledge and opinion about the welfare schemes and their conditions (Record no. 68796)

000 -LEADER
fixed length control field 00470pab a2200169 454500
008 - FIXED-LENGTH DATA ELEMENTS--GENERAL INFORMATION
fixed length control field 180718b2005 xxu||||| |||| 00| 0 eng d
100 ## - MAIN ENTRY--PERSONAL NAME
Personal name Sharma, Nishi
245 ## - TITLE STATEMENT
Title Agricultural labourers' knowledge and opinion about the welfare schemes and their conditions
260 ## - PUBLICATION, DISTRIBUTION, ETC.
Date of publication, distribution, etc. 2005
300 ## - PHYSICAL DESCRIPTION
Extent p.99-116.
362 ## - DATES OF PUBLICATION AND/OR SEQUENTIAL DESIGNATION
Dates of publication and/or sequential designation Jun
650 ## - SUBJECT ADDED ENTRY--TOPICAL TERM
Topical term or geographic name entry element Agricultural labour
700 ## - ADDED ENTRY--PERSONAL NAME
Personal name Jhamtani, Anita
700 ## - ADDED ENTRY--PERSONAL NAME
Personal name Singh, Umed
773 ## - HOST ITEM ENTRY
Main entry heading Labour and Development
909 ## -
-- 68796
Holdings
Withdrawn status Lost status Damaged status Not for loan Permanent Location Current Location Date acquired Serial Enumeration / chronology Barcode Date last seen Price effective from Koha item type
        Indian Institute of Public Administration Indian Institute of Public Administration 2018-07-19 Volume no: 11, Issue no: 1 AR69252 2018-07-19 2018-07-19 Articles

Powered by Koha